Behaviour temperament inventory: a normative study (Record no. 69326)

000 -LEADER
fixed length control field 00373pab a2200145 454500
008 - FIXED-LENGTH DATA ELEMENTS--GENERAL INFORMATION
fixed length control field 180718b2005 xxu||||| |||| 00| 0 eng d
100 ## - MAIN ENTRY--PERSONAL NAME
Personal name Darolia, C.R.
245 ## - TITLE STATEMENT
Title Behaviour temperament inventory: a normative study
260 ## - PUBLICATION, DISTRIBUTION, ETC.
Date of publication, distribution, etc. 2005
300 ## - PHYSICAL DESCRIPTION
Extent p.331-35.
650 ## - SUBJECT ADDED ENTRY--TOPICAL TERM
Topical term or geographic name entry element Behaviour
700 ## - ADDED ENTRY--PERSONAL NAME
Personal name arora, Bhupinder S.
773 ## - HOST ITEM ENTRY
Main entry heading Psychological Studies
909 ## -
-- 69326
Holdings
Withdrawn status Lost status Damaged status Not for loan Permanent Location Current Location Date acquired Serial Enumeration / chronology Barcode Date last seen Price effective from Koha item type
        Indian Institute of Public Administration Indian Institute of Public Administration 2018-07-19 Volume no: 50, Issue no: 4 AR69782 2018-07-19 2018-07-19 Articles

Powered by Koha